Anuario 2017: (Record no. 1543)
[ view plain ]
| 000 -LEADER | |
|---|---|
| campo de control de longitud fija | 01453nam a2200157 4500 |
| 008 - DATOS DE LONGITUD FIJA--INFORMACIÓN GENERAL | |
| campo de control de longitud fija | 709.729.3 C397a |
| 020 ## - NÚMERO INTERNACIONAL ESTÁNDAR DEL LIBRO | |
| Número Internacional Estándar del Libro | 9789945909746 |
| 082 ## - NÚMERO DE LA CLASIFICACIÓN DECIMAL DEWEY | |
| Número de clasificación | 709.729.3 |
| Número de ítem | C397a |
| 100 ## - ENTRADA PRINCIPAL--NOMBRE DE PERSONA | |
| Nombre de persona | Centro León |
| 9 (RLIN) | 6499 |
| 245 ## - MENCIÓN DEL TÍTULO | |
| Título | Anuario 2017: |
| Resto del título | celebrar la identidad y educar a través del arte |
| 260 ## - PUBLICACIÓN, DISTRIBUCIÓN, ETC. | |
| Lugar de publicación, distribución, etc. | Santiago de los Caballeros |
| Nombre del editor, distribuidor, etc. | Centro León |
| Fecha de publicación, distribución, etc. | 2018 |
| 300 ## - DESCRIPCIÓN FÍSICA | |
| Extensión | 175 p. |
| Otras características físicas | ill (col) |
| Dimensiones | 30.5 x 23 cm |
| 505 ## - NOTA DE CONTENIDO CON FORMATO | |
| Título | 01 Actividades de cultura e identidad |
| -- | VII Congreso Internacional Música, Identidad, y Cultura en el Caribe, MIC: Bachatas y cuerdas en las expresiones musicales del Caribe |
| -- | Exposición Tesoros del Arte Taíno |
| -- | 02 Exposiciones |
| -- | René del Risco Bermúdez: el oficio de ser joven |
| -- | Dalí: Ilustrando Genios |
| -- | Premio Diario Libre de Arte Contemporáneo |
| -- | La muñeca Viajera en BlueMall |
| -- | 03 Exposiciones fotográficas |
| -- | Wilfredo García: una interpretación fotográfica de la historia |
| -- | Retratos del más acá |
| -- | La Frontera |
| -- | Dos Años de Fotosafaris |
| -- | Todo por Ver |
| -- | 04 Educación y comunidad |
| -- | Entre el museo y las aulas |
| -- | Formando artistas y curadores |
| -- | Metodología para la Integración de las Artes: Fichas para el diálogo |
| -- | Chavón en Centro León |
| -- | 05 Cultura participativa |
| -- | Decora tu barrio 2017 |
| -- | Carnavalito 2017 |
| -- | Esfuerzo colectivo: acuerdos de colaboración en el 2017 |
| -- | Colaboradores y auspiciadores |
| -- | Yearbook 2017 |
| 650 ## - PUNTO DE ACCESO ADICIONAL DE MATERIA--TÉRMINO DE MATERIA | |
| Subdivisión general | arte contemporáneo |
| -- | República Dominicana |
| -- | arte - exhibiciones |
| -- | arte - anuario |
| 9 (RLIN) | 6500 |
| 700 ## - ENTRADA AGREGADA--NOMBRE PERSONAL | |
| Nombre de persona | Núñez Muñoz, Mario (editor) |
| 9 (RLIN) | 6501 |
| Estatus retirado | Estado de pérdida | Fuente del sistema de clasificación o colocación | Estado de daño | No para préstamo | Biblioteca de origen | Biblioteca actual | Ubicación en estantería | Fecha de adquisición | Total de préstamos | Signatura topográfica completa | Código de barras | Visto por última vez | Precio de reemplazo | Tipo de ítem Koha |
|---|---|---|---|---|---|---|---|---|---|---|---|---|---|---|
| Clasificación Decimal Dewey | Biblioteca LadoV | Biblioteca LadoV | 07/07/2018 | 709.729.3 C397a | 004609 | 07/07/2018 | 07/07/2018 | Material 01 |
